Zgadnij narodowość piłkarza - Statystyki

Ogólne statystyki
  • Ten quiz został rozwiązany 135 razy
  • Średni wynik to 12 z 15
Statystyki odpowiedzi
Hint Odpowiedź % Poprawnych
Alexander Isak Szwecja
93%
Dominik Szoboszlai Węgry
93%
Willi Orbán Węgry
93%
Rafael Leão Portugalia
92%
Andrij Łunin Ukraina
92%
Weston McKennie Stany Zjednoczone
88%
Teemu Pukki Finlandia
84%
Martin Braithwaite Dania
80%
John McGinn Szkocja
80%
Jonathan David Kanada
78%
Jonathan Tah Niemcy
76%
Nathan Collins Irlandia
73%
Nicolae Stanciu Rumunia
72%
Borna Sosa Chorwacja
38%
Noah Okafor Szwajcaria
34%
Nie znaleziono quizów pasujących do podanych kryteriów
Rozkład punktacji
Procent ludzi z każdym wynikiem
Percentyl według liczby udzielonych odpowiedzi
Twoja historia wyników
Nie rozwiązałeś tego quizu